000 00963nam a22002771i 4500
001 12418
003 ES-MaACL
005 20230921103320.0
007 t|
008 900514s1979 sp ||||0| spa j
016 7 _zIBH8100916755
040 _aIBH
_bspa
_cM-BN-DP
080 _a7(46)"19":061.43(464.1M.)"1979"
080 _a061.43(464.1)"1979":7(46)"19"
110 2 _aAcademia Española de Bellas Artes en Roma.
_91194
245 1 0 _aAcademia Española de Bellas Artes de Roma
_b: (Promoción 1977-79) : Palacio de Velázquez... Madrid.
260 _a[Madrid :
_bPatronato Nacional de Museos,
_cD.L. 1979]
300 _a[48 p.] :
_bil ;
_c25 cm.
500 _aIndice.
650 1 4 _aArte español-
_yS.XX-
_vExposiciones.
_910206
655 7 _2tgfbne
_9193628
_aCatálogos de exposiciones
710 2 _aPatronato Nacional de Museos (España)
_96192
852 _aES-MaACL
_jL-19685
_bR.123340
_912734
942 _2udc
999 _c12418
_d12418